| 000 | 00538nam a2200169Ia 4500 | ||
|---|---|---|---|
| 008 | 131103s9999 xx 000 0 und d | ||
| 040 | _aLoreto College | ||
| 041 | _aEnglish | ||
| 082 |
_a891.443/CHA _bLCLIB/BnSem/35770 |
||
| 100 | _aChatterjee, Saratchandra | ||
| 245 | 4 |
_aThe Homecoming=Palli samaj _b Saratchandra Chatterjee; translated by Prasenjit Mukherjee |
|
| 260 |
_aCalcutta _bRupa & co. _c1989 |
||
| 300 |
_axxiii,163p _c 22cm |
||
| 650 | _aBengali Fiction in English | ||
| 700 | _aMukherjee, Prasenjit, tr. | ||
| 942 | _cBK | ||
| 999 |
_c20074 _d70553 |
||